UK Cities Ending in R - Statistics

General Stats
  • This quiz has been taken 44 times
  • The average score is 6 of 10
Answer Stats
Rounded 000s Answer % Correct
503 Manchester
97%
92 Chester
83%
122 Gloucester
71%
330 Leicester
71%
99 Worcester
71%
118 Exeter
60%
117 Winchester
54%
27 Chichester
46%
138 Lancaster
43%
19 Bangor
34%
No matching quizzes found
Score Distribution
Percent of People with Each Score
Percentile by Number Answered
Your Score History
You have not taken this quiz